[Event "POL-chT 2 Liga 2019"]
[Site "Poronin"]
[Date "2019.09.08"]
[Round "2.26"]
[White "Brozyna, Mateusz"]
[Black "Pacan-Milej, Kosma"]
[Result "0-1"]
[WhiteElo "2194"]
[BlackElo "2287"]
[Annotator "NA"]
[PlyCount "130"]
[EventDate "2019.09.07"]
[EventType "team-tourn"]
[EventCountry "POL"]
[SourceTitle "playchess.com"]
[Source "ChessBase"]
[SourceQuality "1"]
[TimeControl "40/5400+30:1800+30"]

1. e4 {[%emt 0:00:00]} c5 {[%emt 0:00:00]} 2. Nf3 {[%emt 0:00:00]} d6 {[%emt 0:00:00]} 3. d4 {[%emt 0:00:00]} cxd4 {[%emt 0:00:00]} 4. Nxd4 {[%emt 0:00:00]} Nf6 {[%emt 0:00:00]} 5. Nc3 {[%emt 0:00:08]} a6 {[%emt 0:00:00]} 6. Be2 {[%emt 0:00:07]} e5 {[%emt 0:00:00]} 7. Nb3 {[%emt 0:00:38]} Be7 {[%emt 0:00:06]} 8. O-O {[%emt 0:00:09]} O-O {[%emt 0:00:16]} 9. a4 {[%emt 0:00:15]} Be6 {[%emt 0:01:59]} 10. Bf3 {[%emt 0:00:27]} Nbd7 {[%emt 0:00:59]} 11. Re1 {[%emt 0:00:36]} Qb8 {[%emt 0:01:52]} 12. Nd2 {[%emt 0:05:09]} Bd8 {[%emt 0:06:24]} 13. Nd5 {[%emt 0:07:06]} Nxd5 {[%emt 0:02:44]} 14. exd5 {[%emt 0:00:09]} Bf5 {[%emt 0:00:02]} 15. Nc4 {[%emt 0:05:38]} Bg6 {[%emt 0:05:58]} 16. b3 {[%emt 0:09:58]} Nb6 {[%emt 0:07:01]} 17. Ne3 {[%emt 0:13:05]} a5 {[%emt 0:00:33]} 18. Bb2 {[%emt 0:07:22]} f5 {[%emt 0:01:12]} 19. Bh5 {[%emt 0:06:40]} Qc7 {[%emt 0:02:48]} 20. Bxg6 {[%emt 0:00:28]} hxg6 {[%emt 0:00:03]} 21. Rc1 {[%emt 0:02:53]} Bg5 {[%emt 0:02:49]} 22. Qf3 {[%emt 0:09:58]} Rac8 {[%emt 0:01:13]} 23. c4 {[%emt 0:06:04]} Nd7 {[%emt 0:00:41]} 24. Qg3 {[%emt 0:01:16]} Qd8 {[%emt 0:02:03]} 25. h4 {[%emt 0:02:16]} Bxe3 {[%emt 0:06:01]} 26. fxe3 {[%emt 0:06:22]} Nc5 {[%emt 0:01:01]} 27. Rb1 {[%emt 0:04:06]} Nxb3 {[%emt 0:07:42]} 28. Bxe5 {[%emt 0:01:09]} Nd2 {[%emt 0:00:02]} 29. Bd4 {[%emt 0:02:42]} Nxb1 {[%emt 0:00:35]} 30. Rxb1 {[%emt 0:00:03]} Rxc4 {[%emt 0:33:07]} 31. Qxg6 {[%emt 0:00:34]} Rxd4 {[%emt 0:01:53]} 32. exd4 {[%emt 0:00:04]} Qxh4 {[%emt 0:00:15]} 33. Qe6+ {[%emt 0:01:22]} Kh7 {[%emt 0:01:35]} 34. Qe3 {[%emt 0:02:18]} Rf7 {[%emt 0:02:41]} 35. Qf2 {[%emt 0:04:47]} Qe4 {[%emt 0:02:56]} 36. Rb6 {[%emt 0:01:35]} Rd7 {[%emt 0:05:40]} 37. Rb5 {[%emt 0:00:16]} Rc7 {[%emt 0:01:10]} 38. Rxa5 {[%emt 0:00:53]} Rc2 {[%emt 0:02:51]} 39. Qf3 {[%emt 0:00:52]} Qxd4+ {[%emt 0:01:56]} 40. Kh2 {[%emt 0:00:00]} Qh4+ {[%emt 0:00:00]} 41. Qh3 {[%emt 0:01:31]} Qxh3+ {[%emt 0:05:18]} 42. Kxh3 {[%emt 0:00:33]} Rc3+ {[%emt 0:01:52]} 43. Kh2 {[%emt 0:01:02]} Kg6 {[%emt 0:01:37]} 44. Rb5 {[%emt 0:01:50]} Rc7 {[%emt 0:01:43]} 45. Rb6 {[%emt 0:00:40]} Rd7 {[%emt 0:00:34]} 46. Rb1 {[%emt 0:08:05]} Kf6 {[%emt 0:00:34]} 47. Re1 {[%emt 0:00:37]} Re7 {[%emt 0:00:39]} 48. Rb1 {[%emt 0:00:36]} g5 {[%emt 0:01:11]} 49. g4 {[%emt 0:05:06]} f4 {[%emt 0:10:44]} 50. Kg2 {[%emt 0:00:45]} Re2+ {[%emt 0:02:34]} 51. Kf3 {[%emt 0:00:40]} Re3+ {[%emt 0:01:46]} 52. Kf2 {[%emt 0:00:33]} Re4 {[%emt 0:04:11]} 53. a5 {[%emt 0:04:47]} Re7 {[%emt 0:02:55]} 54. Kf3 {[%emt 0:01:09]} Re3+ {[%emt 0:01:15]} 55. Kf2 {[%emt 0:00:32]} Ke5 {[%emt 0:00:58]} 56. Rxb7 {[%emt 0:00:41]} Ra3 {[%emt 0:00:38]} 57. Rg7 {[%emt 0:01:01]} Rxa5 {[%emt 0:00:53]} 58. Rxg5+ {[%emt 0:02:16]} Ke4 {[%emt 0:00:32]} 59. Rg6 {[%emt 0:02:20]} Ra2+ 60. Ke1 Kf3 61. Rxd6 Kg2 62. Rf6 f3 63. g5 f2+ 64. Rxf2+ {[%emt 0:00:00]} Rxf2 {[%emt 0:00:00]} 65. g6 {[%emt 0:00:00]} Rf5 {[%emt 0:00:00]} 0-1

[Event "POL-chT 2 Liga 2019"]
[Site "Poronin"]
[Date "2019.09.08"]
[Round "2.27"]
[White "Licznerski, Lukasz"]
[Black "Watorek, Marcin"]
[Result "1-0"]
[WhiteElo "2356"]
[BlackElo "2091"]
[Annotator "TA"]
[PlyCount "81"]
[EventDate "2019.09.07"]
[EventType "team-tourn"]
[EventCountry "POL"]
[SourceTitle "playchess.com"]
[Source "ChessBase"]
[SourceQuality "1"]

{[%evp 28,81,8,29,34,39,62,64,64,36,40,26,28,28,22,36,51,50,150,150,150,150,150,151,150,151,248,247,302,225,203,219,198,202,250,241,391,387,389,389,370,371,375,381,383,380,455,452,489,481,507,506,1750,338,325,302]} 1. e4 c5 2. Nf3 d6 3. d4 cxd4 4. Nxd4 Nf6 5. Nc3 Nc6 6. Be2 e5 7. Nf3 h6 8. O-O Be7 9. Re1 O-O 10. h3 Be6 11. Bf1 Nb8 12. b3 ({Predecessor:} 12. a4 Nbd7 13. b3 a6 14. a5 Rc8 15. Bb2 Qc7 16. Nd2 Qc6 17. Nc4 {1-0 (105) Halyavskiy,N (2300)-Melnikova,Y (2223) Serpukhov 2004}) 12... Nbd7 13. Bb2 a6 14. a4 Rc8 15. Nd2 Qc7 {B58: Classical Sicilian: 6 Be2} 16. Nc4 $146 (16. a5 d5 17. exd5 Nxd5 18. Nxd5 Bxd5 19. Bc4 Bc6 20. Qg4 Kh8 21. Bd3 Bg5 22. Nc4 Nf6 23. Qf5 {1-0 (38) Kourkoulos Arditis,S (2456)-Vaishali,R (2411) Anogia 2019}) 16... Rfd8 17. a5 Qc6 {White is slightly better.} 18. Qf3 d5 19. exd5 Nxd5 20. Nxd5 Bxd5 21. Qg3 Bf6 {[%cal Rd5c4]} 22. Rad1 {[%cal Rc4e5]} e4 {[#]} (22... Bxc4 $14 23. Bxc4 e4) 23. Bxf6 $1 $16 Nxf6 24. Nb6 Qxc2 25. Nxc8 Rxc8 26. b4 Rc3 {[#]} (26... Qa4 $16 {keeps fighting.}) 27. Qe5 $1 $18 Qb3 28. Rd4 Rc8 29. Red1 {[%cal Rd4d5]} Re8 30. Qf4 Qa2 31. Qe3 Re6 (31... Bc6 $142 32. Bc4 Qb2) 32. R4d2 Qa4 33. Rxd5 Nxd5 34. Rxd5 Qxb4 35. Rd8+ Kh7 36. Rd7 Qxa5 37. Rxf7 Qa1 38. Rxb7 a5 39. Qb3 Re5 (39... Re8 $142 40. Qf7 Rd8) 40. Qb2 $2 (40. Rb8 {Qg8+ would kill now.} Qd4 41. Qg8+ Kg6 42. Rb7) 40... Qxb2 41. Rxb2 {Accuracy: White = 82%, Black = 15%.} 1-0

[Event "POL-chT 2 Liga 2019"]
[Site "Poronin"]
[Date "2019.09.08"]
[Round "2.28"]
[White "Stanach, Fabian"]
[Black "Punin, Andrii"]
[Result "1/2-1/2"]
[WhiteElo "2038"]
[BlackElo "2325"]
[Annotator "TA"]
[PlyCount "49"]
[EventDate "2019.09.07"]
[EventType "team-tourn"]
[EventCountry "POL"]
[SourceTitle "playchess.com"]
[Source "ChessBase"]
[SourceQuality "1"]

{[%evp 9,49,-52,-51,-72,-20,-30,-15,-12,0,0,2,-52,-21,-31,-26,-22,-28,-28,-9,-38,-14,-10,-2,-13,0,0,6,6,6,6,13,13,43,43,68,68,72,59,72,54,54,54]} 1. Nf3 d5 2. c4 d4 3. b4 f6 4. Bb2 (4. e3 e5 5. c5 a5 6. Qa4+ Qd7 7. Bb5 c6 8. Bc4 Ne7 9. b5 Nd5 10. Ba3 Nc7 11. bxc6 Nxc6 12. O-O Nb4 13. Qb3 Bxc5 14. exd4 b5 {½-½ (14) Maghsoodloo,P (2673)-Wang,H (2718) Sharjah 2019}) 4... e5 5. Qb3 c5 6. d3 $146 {A09: Réti Opening: 1 Nf3 d5 2 c4} ({Predecessor:} 6. bxc5 Nc6 7. d3 Bxc5 8. Nbd2 Nge7 9. g3 Bg4 10. Bg2 Bb4 11. Qc2 Qd7 {0-1 (32) Borderie,D (1845)-Viennot,D (2331) Vaujany 2016}) 6... a5 (6... cxb4 $17 7. e3 dxe3 8. fxe3 a5) 7. b5 b6 8. g3 {The position is equal.} Bb7 9. Bg2 Qc7 10. e4 (10. e3 $11) 10... Bd6 11. Bh3 Bc8 12. Bxc8 Qxc8 13. Qd1 Ra7 14. Nbd2 Rf7 15. Qe2 Ne7 16. O-O-O Nd7 17. h4 g6 18. h5 g5 19. Nh2 Nf8 20. Qg4 Qxg4 (20... Qa8 {with more complications.} 21. Qf3 h6 22. Rde1 Ne6 23. Ng4 Kd8) 21. Nxg4 Ne6 22. Nh6 Rff8 23. Nf5 Kd7 24. Nxe7 Bxe7 25. g4 $1 {Accuracy: White = 68%, Black = 26%.} 1/2-1/2

[Event "POL-chT 2 Liga 2019"]
[Site "Poronin"]
[Date "2019.09.08"]
[Round "2.29"]
[White "Kowalczyk, Pawel"]
[Black "Lach, Piotr"]
[Result "1-0"]
[WhiteElo "2294"]
[BlackElo "2125"]
[Annotator "NA"]
[PlyCount "97"]
[EventDate "2019.09.07"]
[EventType "team-tourn"]
[EventCountry "POL"]
[SourceTitle "playchess.com"]
[Source "ChessBase"]
[SourceQuality "1"]
[TimeControl "40/5400+30:1800+30"]

1. d4 {[%emt 0:01:50]} Nf6 {[%emt 0:00:00]} 2. g3 {[%emt 0:00:15]} e6 {[%emt 0:00:50]} 3. Bg2 {[%emt 0:00:30]} d5 {[%emt 0:01:29]} 4. Nf3 {[%emt 0:00:14]} Be7 {[%emt 0:01:14]} 5. c4 {[%emt 0:00:18]} O-O {[%emt 0:01:02]} 6. O-O {[%emt 0:00:17]} c6 {[%emt 0:04:14]} 7. Nc3 {[%emt 0:01:39]} Nbd7 {[%emt 0:00:44]} 8. b3 {[%emt 0:04:16]} b6 {[%emt 0:02:55]} 9. cxd5 {[%emt 0:03:05]} cxd5 {[%emt 0:02:36]} 10. Bf4 {[%emt 0:00:26]} Ba6 {[%emt 0:01:34]} 11. a4 {[%emt 0:01:52]} Rc8 {[%emt 0:19:32]} 12. Nb5 {[%emt 0:01:25]} Ne4 {[%emt 0:02:09]} 13. Rc1 {[%emt 0:01:07]} Bxb5 {[%emt 0:03:10]} 14. axb5 {[%emt 0:00:08]} g5 {[%emt 0:03:04]} 15. Be3 {[%emt 0:01:40]} f5 {[%emt 0:04:57]} 16. Qd3 {[%emt 0:02:12]} g4 {[%emt 0:05:41]} 17. Rxc8 {[%emt 0:13:17]} Qxc8 {[%emt 0:00:09]} 18. Rc1 {[%emt 0:00:06]} Qb7 {[%emt 0:02:55]} 19. Ne1 {[%emt 0:00:17]} Rc8 {[%emt 0:01:23]} 20. Bxe4 {[%emt 0:02:44]} dxe4 {[%emt 0:16:12]} 21. Rxc8+ {[%emt 0:00:06]} Qxc8 {[%emt 0:00:04]} 22. Qc4 {[%emt 0:00:03]} Qxc4 {[%emt 0:00:42]} 23. bxc4 {[%emt 0:00:02]} Kf7 {[%emt 0:04:00]} 24. Nc2 {[%emt 0:05:18]} Ke8 {[%emt 0:00:43]} 25. Bf4 {[%emt 0:02:40]} Bf6 {[%emt 0:03:55]} 26. Bd6 {[%emt 0:00:33]} Be7 {[%emt 0:00:13]} 27. Bc7 {[%emt 0:05:41]} Bd8 {[%emt 0:01:16]} 28. Bf4 {[%emt 0:03:05]} Bf6 {[%emt 0:00:11]} 29. Kf1 {[%emt 0:00:25]} Kd8 {[%emt 0:02:43]} 30. Nb4 {[%emt 0:00:39]} Kc8 {[%emt 0:00:20]} 31. e3 {[%emt 0:02:58]} Kb7 {[%emt 0:00:38]} 32. Bd6 {[%emt 0:00:09]} Bd8 {[%emt 0:06:41]} 33. Ke2 {[%emt 0:06:37]} Bc7 {[%emt 0:00:53]} 34. Be7 {[%emt 0:00:03]} Bb8 {[%emt 0:05:35]} 35. Kd1 {[%emt 0:00:17]} h5 {[%emt 0:00:12]} 36. Kc2 {[%emt 0:00:05]} e5 {[%emt 0:00:34]} 37. c5 {[%emt 0:00:42]} bxc5 {[%emt 0:00:28]} 38. dxc5 {[%emt 0:00:02]} Kc8 {[%emt 0:00:45]} 39. Kb3 {[%emt 0:00:14]} Bc7 {[%emt 0:01:08]} 40. Nc6 {[%emt 0:00:00]} Kb7 {[%emt 0:00:00]} 41. Kc4 {[%emt 0:01:34]} a6 {[%emt 0:00:47]} 42. bxa6+ {[%emt 0:02:42]} Kxa6 {[%emt 0:03:51]} 43. Nb4+ {[%emt 0:01:03]} Ka7 {[%emt 0:01:15]} 44. Kb5 {[%emt 0:00:07]} Nb8 {[%emt 0:03:22]} 45. Nd5 {[%emt 0:00:13]} Kb7 {[%emt 0:00:12]} 46. Nxc7 {[%emt 0:00:13]} Kxc7 47. Bd6+ Kb7 {[%emt 0:00:41]} 48. Bxb8 {[%emt 0:00:37]} Kxb8 {[%emt 0:00:04]} 49. Kc6 {[%emt 0:00:07]} 1-0

[Event "POL-chT 2 Liga 2019"]
[Site "Poronin"]
[Date "2019.09.08"]
[Round "2.30"]
[White "Jedrocha, Katarzyna"]
[Black "Starosta, Martyna"]
[Result "1-0"]
[WhiteElo "1943"]
[BlackElo "1814"]
[Annotator "NA"]
[PlyCount "111"]
[EventDate "2019.09.07"]
[EventType "team-tourn"]
[EventCountry "POL"]
[SourceTitle "playchess.com"]
[Source "ChessBase"]
[SourceQuality "1"]
[TimeControl "40/5400+30:1800+30"]

1. d4 {[%emt 0:00:00]} Nf6 {[%emt 0:00:00]} 2. g3 {[%emt 0:00:12]} c5 {[%emt 0:00:00]} 3. Nf3 {[%emt 0:01:55]} g6 {[%emt 0:00:44]} 4. Bg2 {[%emt 0:00:28]} Bg7 {[%emt 0:01:00]} 5. O-O {[%emt 0:01:13]} O-O {[%emt 0:01:25]} 6. e3 {[%emt 0:02:42]} d6 {[%emt 0:01:56]} 7. c4 {[%emt 0:01:50]} Nbd7 {[%emt 0:01:49]} 8. Nc3 {[%emt 0:02:25]} Re8 {[%emt 0:01:31]} 9. Re1 {[%emt 0:06:15]} e5 {[%emt 0:05:22]} 10. dxe5 {[%emt 0:02:11]} dxe5 {[%emt 0:00:29]} 11. e4 {[%emt 0:01:04]} b6 {[%emt 0:00:58]} 12. Bg5 {[%emt 0:04:16]} h6 {[%emt 0:00:54]} 13. Bxf6 {[%emt 0:00:33]} Bxf6 {[%emt 0:01:22]} 14. Qd2 {[%emt 0:01:36]} Bg7 {[%emt 0:00:59]} 15. Rad1 {[%emt 0:00:30]} Qf6 {[%emt 0:06:16]} 16. Nb5 {[%emt 0:13:57]} Qc6 {[%emt 0:00:44]} 17. Qd5 {[%emt 0:03:50]} Qxd5 {[%emt 0:01:49]} 18. Rxd5 {[%emt 0:00:25]} Re7 {[%emt 0:03:55]} 19. Red1 {[%emt 0:06:00]} Nf8 {[%emt 0:02:15]} 20. Rd8 {[%emt 0:06:21]} Bb7 {[%emt 0:01:41]} 21. Nc3 {[%emt 0:00:45]} Rxd8 {[%emt 0:04:11]} 22. Rxd8 {[%emt 0:00:03]} f6 {[%emt 0:14:42]} 23. Bh3 {[%emt 0:02:32]} Kf7 {[%emt 0:06:03]} 24. Nh4 {[%emt 0:04:20]} Re8 {[%emt 0:09:18]} 25. Rxe8 {[%emt 0:02:17]} Kxe8 {[%emt 0:00:02]} 26. f3 {[%emt 0:01:04]} Bc6 {[%emt 0:02:08]} 27. Kf2 {[%emt 0:03:23]} Bd7 {[%emt 0:00:41]} 28. Bxd7+ {[%emt 0:00:35]} Kxd7 {[%emt 0:00:10]} 29. Nb5 {[%emt 0:03:09]} a6 {[%emt 0:00:40]} 30. Nc3 {[%emt 0:00:04]} h5 {[%emt 0:02:07]} 31. a4 {[%emt 0:04:36]} f5 {[%emt 0:04:09]} 32. exf5 {[%emt 0:03:29]} gxf5 {[%emt 0:00:34]} 33. Nxf5 {[%emt 0:00:26]} Bf6 {[%emt 0:00:10]} 34. Nd5 {[%emt 0:01:35]} Bd8 {[%emt 0:00:18]} 35. Ke3 {[%emt 0:03:36]} Ng6 {[%emt 0:01:22]} 36. Ke4 {[%emt 0:02:57]} Kc6 {[%emt 0:03:48]} 37. h4 {[%emt 0:01:09]} b5 {[%emt 0:01:39]} 38. axb5+ {[%emt 0:00:21]} axb5 {[%emt 0:00:05]} 39. b3 {[%emt 0:00:16]} bxc4 {[%emt 0:01:24]} 40. bxc4 {[%emt 0:00:00]} Kd7 {[%emt 0:00:00]} 41. Ng7 {[%emt 0:00:38]} Ba5 {[%emt 0:02:35]} 42. Nxh5 {[%emt 0:00:38]} Ke6 {[%emt 0:02:20]} 43. Ng7+ {[%emt 0:01:02]} Kf7 {[%emt 0:00:22]} 44. Nf5 {[%emt 0:00:07]} Ke6 {[%emt 0:00:36]} 45. h5 {[%emt 0:00:17]} Nf8 {[%emt 0:00:32]} 46. g4 {[%emt 0:01:54]} Nh7 {[%emt 0:00:24]} 47. Nh4 {[%emt 0:01:51]} Be1 {[%emt 0:01:31]} 48. Ng6 {[%emt 0:00:20]} Bf2 {[%emt 0:03:25]} 49. f4 {[%emt 0:02:28]} exf4 {[%emt 0:00:34]} 50. Ngxf4+ {[%emt 0:00:16]} Kf7 {[%emt 0:00:22]} 51. Kf5 {[%emt 0:00:22]} Bh4 {[%emt 0:00:45]} 52. Ne6 {[%emt 0:00:36]} Bf2 {[%emt 0:01:11]} 53. g5 {[%emt 0:00:18]} Nf8 {[%emt 0:01:08]} 54. g6+ {[%emt 0:01:39]} Kg8 {[%emt 0:00:19]} 55. Nf6+ {[%emt 0:00:11]} Kh8 {[%emt 0:00:09]} 56. g7# 1-0

[Event "POL-chT 2 Liga 2019"]
[Site "Poronin"]
[Date "2019.09.08"]
[Round "2.31"]
[White "Wandzik, Wojciech"]
[Black "Bednarczyk, Damian"]
[Result "1-0"]
[WhiteElo "2409"]
[BlackElo "2216"]
[Annotator "NA"]
[PlyCount "51"]
[EventDate "2019.09.07"]
[EventType "team-tourn"]
[EventCountry "POL"]
[SourceTitle "playchess.com"]
[Source "ChessBase"]
[SourceQuality "1"]
[TimeControl "40/5400+30:1800+30"]

1. e4 {[%emt 0:00:00]} c5 {[%emt 0:00:00]} 2. Nf3 {[%emt 0:00:00]} d6 {[%emt 0:00:23]} 3. d4 {[%emt 0:00:03]} cxd4 {[%emt 0:00:07]} 4. Nxd4 {[%emt 0:00:05]} Nf6 {[%emt 0:00:19]} 5. Nc3 {[%emt 0:00:16]} e6 {[%emt 0:04:14]} 6. Be2 {[%emt 0:01:22]} Be7 {[%emt 0:00:57]} 7. O-O {[%emt 0:00:16]} O-O {[%emt 0:00:18]} 8. Be3 {[%emt 0:01:12]} a6 {[%emt 0:01:54]} 9. f4 {[%emt 0:01:38]} Nc6 {[%emt 0:04:11]} 10. Qe1 {[%emt 0:05:17]} Qc7 {[%emt 0:09:56]} 11. Qg3 {[%emt 0:01:42]} Nxd4 {[%emt 0:09:38]} 12. Bxd4 {[%emt 0:00:19]} b5 {[%emt 0:00:52]} 13. a3 Bb7 {[%emt 0:01:41]} 14. Rae1 {[%emt 0:06:55]} g6 {[%emt 0:07:52]} 15. Bf3 {[%emt 0:16:36]} Rfd8 {[%emt 0:16:47]} 16. f5 {[%emt 0:09:57]} e5 {[%emt 0:02:58]} 17. Be3 {[%emt 0:01:31]} d5 {[%emt 0:03:15]} 18. fxg6 {[%emt 0:11:43]} hxg6 {[%emt 0:00:48]} 19. exd5 {[%emt 0:00:37]} Bc5 {[%emt 0:11:26]} 20. Bxc5 {[%emt 0:13:01]} Qxc5+ {[%emt 0:00:15]} 21. Kh1 {[%emt 0:00:05]} Nxd5 {[%emt 0:09:06]} 22. Rxe5 {[%emt 0:05:58]} Qc4 {[%emt 0:00:58]} 23. Rfe1 {[%emt 0:01:43]} Nxc3 {[%emt 0:06:54]} 24. Bxb7 {[%emt 0:01:23]} Rab8 {[%emt 0:01:20]} 25. Bf3 {[%emt 0:00:42]} Na2 {[%emt 0:02:26]} 26. Bd5 {[%emt 0:00:57]} 1-0

[Event "POL-chT 2 Liga 2019"]
[Site "Poronin"]
[Date "2019.09.08"]
[Round "2.32"]
[White "Lapczynski, Artur"]
[Black "Lizak, Jakub"]
[Result "0-1"]
[WhiteElo "2048"]
[BlackElo "2236"]
[Annotator "NA"]
[PlyCount "90"]
[EventDate "2019.09.07"]
[EventType "team-tourn"]
[EventCountry "POL"]
[SourceTitle "playchess.com"]
[Source "ChessBase"]
[SourceQuality "1"]
[TimeControl "40/5400+30:1800+30"]

1. d4 {[%emt 0:00:00]} Nf6 {[%emt 0:00:00]} 2. c4 {[%emt 0:00:00]} c5 {[%emt 0:00:00]} 3. d5 {[%emt 0:00:53]} b5 {[%emt 0:00:00]} 4. cxb5 {[%emt 0:00:45]} a6 {[%emt 0:00:00]} 5. b6 {[%emt 0:00:45]} d6 {[%emt 0:01:22]} 6. Nc3 {[%emt 0:01:31]} Nbd7 {[%emt 0:01:36]} 7. e4 {[%emt 0:03:38]} g6 {[%emt 0:06:07]} 8. a4 {[%emt 0:02:08]} Qxb6 {[%emt 0:00:58]} 9. a5 {[%emt 0:00:48]} Qb7 {[%emt 0:01:14]} 10. f4 {[%emt 0:09:18]} Bg7 {[%emt 0:00:43]} 11. Nf3 {[%emt 0:03:46]} O-O {[%emt 0:00:18]} 12. Bc4 {[%emt 0:07:26]} Ne8 {[%emt 0:01:10]} 13. O-O {[%emt 0:05:09]} Nc7 {[%emt 0:00:37]} 14. Qd3 {[%emt 0:07:23]} Rb8 {[%emt 0:01:14]} 15. Kh1 {[%emt 0:08:41]} Nb5 {[%emt 0:03:41]} 16. Bxb5 {[%emt 0:03:07]} axb5 {[%emt 0:01:10]} 17. a6 {[%emt 0:01:36]} Qa7 {[%emt 0:08:02]} 18. Nxb5 {[%emt 0:04:30]} Bxa6 {[%emt 0:00:19]} 19. Nxa7 {[%emt 0:00:56]} Bxd3 {[%emt 0:00:04]} 20. Re1 {[%emt 0:03:32]} Ra8 {[%emt 0:04:55]} 21. Ra3 {[%emt 0:01:47]} c4 {[%emt 0:00:44]} 22. Nc6 {[%emt 0:00:47]} Rxa3 {[%emt 0:01:32]} 23. bxa3 {[%emt 0:01:33]} e6 {[%emt 0:03:43]} 24. dxe6 {[%emt 0:05:12]} fxe6 {[%emt 0:00:05]} 25. Ng5 {[%emt 0:00:32]} Re8 {[%emt 0:01:21]} 26. e5 {[%emt 0:04:24]} dxe5 {[%emt 0:02:25]} 27. fxe5 {[%emt 0:00:59]} Nc5 {[%emt 0:00:38]} 28. h3 {[%emt 0:03:29]} h6 {[%emt 0:04:50]} 29. Nf3 {[%emt 0:00:10]} Be4 {[%emt 0:01:31]} 30. Nfd4 {[%emt 0:05:46]} Nd3 {[%emt 0:00:21]} 31. Rf1 {[%emt 0:01:20]} Rf8 {[%emt 0:01:09]} 32. Rxf8+ {[%emt 0:03:23]} Bxf8 {[%emt 0:00:11]} 33. Bd2 {[%emt 0:01:34]} Bxa3 {[%emt 0:01:23]} 34. Na5 {[%emt 0:03:14]} Bd5 {[%emt 0:00:51]} 35. Nc2 {[%emt 0:01:00]} Bb2 {[%emt 0:01:36]} 36. Bxh6 {[%emt 0:02:37]} Bc3 {[%emt 0:00:13]} 37. Nxc4 Bxc4 {[%emt 0:00:05]} 38. Ne3 {[%emt 0:02:09]} Bd5 {[%emt 0:00:26]} 39. Kg1 {[%emt 0:01:43]} Bxe5 {[%emt 0:00:41]} 40. Ng4 {[%emt 0:00:00]} Bf4 {[%emt 0:00:00]} 41. Bxf4 {[%emt 0:02:04]} Nxf4 {[%emt 0:00:38]} 42. Ne3 {[%emt 0:00:17]} Kf7 {[%emt 0:00:17]} 43. Kf2 {[%emt 0:00:21]} Kf6 {[%emt 0:00:33]} 44. h4 {[%emt 0:00:23]} Nxg2 {[%emt 0:00:53]} 45. Nxg2 {[%emt 0:00:10]} Bxg2 {[%emt 0:00:03]} 0-1

[Event "POL-chT 2 Liga 2019"]
[Site "Poronin"]
[Date "2019.09.08"]
[Round "2.33"]
[White "Duda, Lukasz"]
[Black "Mirski, Michal"]
[Result "1/2-1/2"]
[WhiteElo "2209"]
[BlackElo "1999"]
[Annotator "NA"]
[PlyCount "60"]
[EventDate "2019.09.07"]
[EventType "team-tourn"]
[EventCountry "POL"]
[SourceTitle "playchess.com"]
[Source "ChessBase"]
[SourceQuality "1"]
[TimeControl "40/5400+30:1800+30"]

1. c4 {[%emt 0:00:00]} e5 {[%emt 0:00:32]} 2. g3 {[%emt 0:00:00]} Nc6 {[%emt 0:00:09]} 3. Bg2 {[%emt 0:00:01]} g6 {[%emt 0:00:07]} 4. Nc3 {[%emt 0:00:43]} Bg7 {[%emt 0:00:09]} 5. d3 {[%emt 0:02:17]} Nge7 {[%emt 0:00:29]} 6. e4 {[%emt 0:03:02]} O-O {[%emt 0:00:52]} 7. Nge2 {[%emt 0:01:00]} d6 {[%emt 0:01:17]} 8. O-O {[%emt 0:00:51]} Be6 {[%emt 0:02:58]} 9. Nd5 {[%emt 0:04:07]} Nd4 {[%emt 0:04:17]} 10. Rb1 {[%emt 0:09:28]} c6 {[%emt 0:09:41]} 11. Nxe7+ {[%emt 0:01:08]} Qxe7 {[%emt 0:00:06]} 12. b4 {[%emt 0:02:38]} Bg4 {[%emt 0:04:53]} 13. f3 {[%emt 0:00:29]} Nxe2+ {[%emt 0:00:38]} 14. Qxe2 {[%emt 0:00:08]} Be6 {[%emt 0:00:23]} 15. f4 {[%emt 0:09:09]} exf4 {[%emt 0:04:34]} 16. gxf4 {[%emt 0:05:55]} Qd7 {[%emt 0:05:31]} 17. Bb2 {[%emt 0:07:48]} Bxb2 {[%emt 0:04:21]} 18. Rxb2 {[%emt 0:04:02]} f5 {[%emt 0:27:43]} 19. b5 {[%emt 0:05:33]} fxe4 {[%emt 0:01:49]} 20. Qxe4 {[%emt 0:18:48]} d5 {[%emt 0:02:24]} 21. bxc6 {[%emt 0:00:55]} bxc6 {[%emt 0:00:16]} 22. Qd4 {[%emt 0:00:51]} Qg7 {[%emt 0:13:47]} 23. Qxg7+ {[%emt 0:04:01]} Kxg7 {[%emt 0:00:04]} 24. cxd5 {[%emt 0:01:46]} Bxd5 {[%emt 0:00:41]} 25. Rb7+ {[%emt 0:02:11]} Rf7 {[%emt 0:01:18]} 26. Rxf7+ {[%emt 0:11:45]} Kxf7 {[%emt 0:01:43]} 27. Bxd5+ cxd5 {[%emt 0:00:03]} 28. Rc1 {[%emt 0:02:37]} Re8 {[%emt 0:02:22]} 29. Kf2 {[%emt 0:00:28]} Re7 {[%emt 0:03:52]} 30. Rc5 Ke6 1/2-1/2

[Event "POL-chT 2 Liga 2019"]
[Site "Poronin"]
[Date "2019.09.08"]
[Round "2.34"]
[White "Wnek, Filip"]
[Black "Gola, Karol"]
[Result "0-1"]
[WhiteElo "1962"]
[BlackElo "2203"]
[Annotator "NA"]
[PlyCount "76"]
[EventDate "2019.09.07"]
[EventType "team-tourn"]
[EventCountry "POL"]
[SourceTitle "playchess.com"]
[Source "ChessBase"]
[SourceQuality "1"]
[TimeControl "40/5400+30:1800+30"]

1. e4 {[%emt 0:00:00]} c5 {[%emt 0:00:00]} 2. Nf3 {[%emt 0:00:24]} e6 {[%emt 0:00:00]} 3. d4 {[%emt 0:00:22]} cxd4 {[%emt 0:00:00]} 4. Nxd4 {[%emt 0:00:22]} Nf6 {[%emt 0:00:00]} 5. Nc3 {[%emt 0:00:22]} d6 {[%emt 0:00:07]} 6. g3 {[%emt 0:00:31]} a6 {[%emt 0:07:32]} 7. Bg2 {[%emt 0:00:09]} Qc7 {[%emt 0:00:29]} 8. O-O {[%emt 0:00:19]} Be7 {[%emt 0:00:30]} 9. Re1 {[%emt 0:00:28]} O-O {[%emt 0:01:28]} 10. f4 {[%emt 0:08:49]} Rd8 {[%emt 0:03:21]} 11. Kh1 {[%emt 0:07:14]} Nc6 {[%emt 0:07:11]} 12. Be3 {[%emt 0:03:04]} Na5 {[%emt 0:13:46]} 13. Qe2 {[%emt 0:12:41]} Nc4 {[%emt 0:01:44]} 14. Bc1 {[%emt 0:00:22]} Rb8 {[%emt 0:06:14]} 15. a4 {[%emt 0:01:37]} b6 {[%emt 0:03:22]} 16. Rb1 {[%emt 0:05:22]} Bb7 {[%emt 0:06:48]} 17. g4 {[%emt 0:03:41]} Nd7 {[%emt 0:10:33]} 18. g5 {[%emt 0:00:52]} Bf8 {[%emt 0:03:26]} 19. Qg4 {[%emt 0:07:24]} Re8 {[%emt 0:12:48]} 20. b3 {[%emt 0:09:44]} Nce5 {[%emt 0:02:50]} 21. Qg3 {[%emt 0:03:13]} Nc6 {[%emt 0:06:15]} 22. Nxc6 {[%emt 0:00:47]} Bxc6 {[%emt 0:00:07]} 23. Bb2 {[%emt 0:00:28]} b5 {[%emt 0:00:54]} 24. axb5 {[%emt 0:00:27]} axb5 {[%emt 0:00:04]} 25. Qh4 {[%emt 0:01:55]} b4 {[%emt 0:01:36]} 26. Nd1 {[%emt 0:01:59]} Be7 {[%emt 0:02:12]} 27. Re3 {[%emt 0:01:33]} Nf8 {[%emt 0:00:48]} 28. Nf2 {[%emt 0:01:49]} Ng6 {[%emt 0:08:28]} 29. Qg4 {[%emt 0:01:21]} d5 {[%emt 0:00:24]} 30. exd5 {[%emt 0:00:47]} Bc5 {[%emt 0:00:29]} 31. Re2 {[%emt 0:08:42]} Bxd5 {[%emt 0:00:49]} 32. Bxd5 {[%emt 0:00:34]} exd5 {[%emt 0:00:03]} 33. Rxe8+ {[%emt 0:00:13]} Rxe8 {[%emt 0:00:04]} 34. Nd3 {[%emt 0:00:08]} Bd6 {[%emt 0:01:00]} 35. Rc1 {[%emt 0:05:36]} Nxf4 {[%emt 0:00:18]} 36. Rf1 {[%emt 0:00:47]} Nxd3 {[%emt 0:01:13]} 37. cxd3 {[%emt 0:00:02]} Qc2 {[%emt 0:00:31]} 38. Qh5 {[%emt 0:04:41]} g6 {[%emt 0:00:19]} 0-1